000 00490nam a2200181Ia 4500
003 GCL
008 140319s9999 xx 000 0 eng d
040 _aGCL /
_cGCL
082 0 4 _a746.92
_bE V
100 1 _aEVERETT, FELICITY
245 1 0 _aFASHION DESIGN: HOW CLOTHES ARE DESIGNED, MAD AND SOLD /
_cEVERETT, FELICITY
260 _a[S.N] :
_bUSBORNE ،
_c1987
300 _a64 P
490 _aUSBORNE GUID TO
_v0
650 0 4 _aCLOTHING AND DRESS
650 0 4 _aFASHION
942 _2ddc
_cBK
999 _c22372
_d22372